000 00289nam a22001337a 4500
008 171011b xxu||||| |||| 00| 0 eng d
020 _a0205483941
041 _aeng
080 _aV
100 _a50
101 _aSOC
245 _aELEMENTARY SOCIAL STUDIES
_cELLIS,A.K
942 _2udc
_cBK
999 _c33093
_d33093